000 00609nam a2200229 a 4500
001 nice12345678
003 IN_TiNIC
005 20260116012819.0
008 050524s1985 sina grp 000 0 eng
020 _a9971948
_c100
082 0 0 _a270.82
_bCCA4
245 _aOut of Control
_b Official Report of the Asia Youth Assembly
260 _aSingapore
_bChristian Conference of Asia
_c1985
300 _a207p
500 _aincludes index and biblioraphy
505 2 _aIndex
650 _aEcumenicalism
710 2 _aChristian Council of Asia
902 _bSRS
942 _cBK
999 _c8486
_d8486